Catálogo
 En Linea

Alas de mosca para Ángel / (Registro nro. 41902)

Detalles MARC
000 -CABECERA
campo de control de longitud fija 00745nam a2200229 a 4500
001 - NÚMERO DE CONTROL
campo de control 000042413
005 - FECHA Y HORA DE LA ÚLTIMA TRANSACCIÓN
campo de control 20201002040135.0
008 - DATOS DE LONGITUD FIJA--INFORMACIÓN GENERAL
campo de control de longitud fija 131128s1998 sp a 000 j spa d
020 ## - NÚMERO INTERNACIONAL ESTÁNDAR DEL LIBRO
Número Internacional Estándar del Libro 8420789879
040 ## - FUENTE DE LA CATALOGACIÓN
Centro catalogador/agencia de origen DO-SdBNP
Lengua de catalogación spa
Centro/agencia transcriptor BNPHU
041 17 - CÓDIGO DE LENGUA
Código de lengua del texto/banda sonora o título independiente spa
Fuente del código eng
082 ## - NÚMERO DE LA CLASIFICACIÓN DECIMAL DEWEY
Número de clasificación xxx
Número de documento/Ítem C334a
100 1# - ENTRADA PRINCIPAL--NOMBRE DE PERSONA
Nombre de persona Casalderrey, Fina
Fechas asociadas al nombre 1951-
9 (RLIN) 69536
240 10 - TÍTULO UNIFORME
Título uniforme Ás de mosca para Anxo.
Lenguaje de la obra Español
245 10 - MENCIÓN DE TÍTULO
Título Alas de mosca para Ángel /
Mención de responsabilidad, etc. Fina Casalderrey ; ilustraciones de Manuel Uhía ; traducción de Juan Farias.
260 ## - PUBLICACIÓN, DISTRIBUCIÓN, ETC.
Lugar de publicación, distribución, etc. Madrid :
Nombre del editor, distribuidor, etc. Anaya,
Fecha de publicación, distribución, etc. 1998.
300 ## - DESCRIPCIÓN FÍSICA
Extensión 144 p. :
Otras características físicas il., retrs ;
Dimensiones 20 cm.
490 1# - MENCIÓN DE SERIE
Mención de serie Sopa de libros ;
Designación de volumen o secuencia 22 ;
590 ## - NOTA LOCAL (RLIN)
Nota local Inventariado, 2019/ YL
700 12 - PUNTO DE ACCESO ADICIONAL--NOMBRE DE PERSONA
Nombre de persona Farias, Juan
Término indicativo de función/relación tr.
9 (RLIN) 69537
830 #0 - PUNTO DE ACCESO ADICIONAL DE SERIE-TÍTULO UNIFORME
Título uniforme Sopa de libros
Número de parte o sección de la obra 22
9 (RLIN) 69538
Existencias
Estado de retiro Estado de pérdida Restricciones de uso No para préstamo Código de colección Localización permanente Ubicación/localización actual Ubicación en estantería Fecha de adquisición Número de inventario Total de préstamos Signatura topográfica completa Código de barras Fecha visto por última vez Precio válido a partir de Tipo de ítem Koha
      Excluido de préstamo Monografías: Libros y Folletos General General En catalogación 28.11.2013 LF1   xxx C334a 42413-10 25.06.2020 25.06.2020 No se presta

Con tecnología Koha